Statistics for Best Selling Sodas Quiz

Click here to take the quiz!

General Stats

  • This quiz has been taken 144,436 times
    (98,292 since last reset)
  • The average score is 10 of 21

Answer Stats

# Soda % Correct
1Coca-Cola
100%
2Pepsi
96%
6Sprite
90%
5Dr. Pepper
79%
11Fanta
76%
4Mountain Dew
76%
167UP
65%
3Diet Coke
57%
7Diet Pepsi
50%
8Coke Zero
38%
21A&W Root Beer
35%
18Cherry Coca-Cola
32%
10Diet Dr. Pepper
28%
17Crush
28%
9Diet Mountain Dew
25%
13Sierra Mist
25%
14Barq's
22%
12Canada Dry
20%
20Sunkist
18%
19Wild Cherry Pepsi
17%
15Caffeine Free Diet Coke
4%

Score Distribution

Percentile by Number Answered

Percent of People with Each Score

Your Score History

You have not taken this quiz since the last reset